Mathematical models for bioengineering and probabilistic systems / (Record no. 29436)

000 -LEADER
fixed length control field 00587 a2200169 4500
020 ## - INTERNATIONAL STANDARD BOOK NUMBER
International Standard Book Number 8173194939
020 ## - INTERNATIONAL STANDARD BOOK NUMBER
International Standard Book Number 9788173194931
082 04 - DEWEY DECIMAL CLASSIFICATION NUMBER
Classification number 570.151
090 ## - LOCALLY ASSIGNED LC-TYPE CALL NUMBER (OCLC); LOCAL CALL NUMBER (RLIN)
-- 812
-- 812
100 1# - MAIN ENTRY--PERSONAL NAME
Personal name Misra, J. C.
245 10 - TITLE STATEMENT
Title Mathematical models for bioengineering and probabilistic systems /
Statement of responsibility, etc. J. C. Misra.
260 ## - PUBLICATION, DISTRIBUTION, ETC.
Place of publication, distribution, etc. [S.l.] :
Name of publisher, distributor, etc. Alpha Science International, Ltd,
Date of publication, distribution, etc. 2005.
300 ## - PHYSICAL DESCRIPTION
Extent 493 p. ;
Dimensions 25 cm.
700 ## - ADDED ENTRY--PERSONAL NAME
Personal name Misra, J. C.
942 ## - ADDED ENTRY ELEMENTS (KOHA)
Institution code [OBSOLETE] SNS
Koha item type Book
Call number prefix 570.151 MIS
Holdings
Withdrawn status Lost status Damaged status Not for loan Permanent Location Current Location Date acquired Total Checkouts Full call number Barcode Date last seen Price effective from Koha item type
        School of Natural Sciences (SNS) School of Natural Sciences (SNS) 05/26/2016   570.151 MIS SNS0000981 05/26/2016 05/26/2016 Book
© 2023 Central Library, National University of Sciences and Technology. All Rights Reserved.